000 00589nam a22001937a 4500
003 OSt
005 20251216052121.0
008 251216b |||||||| |||| 00| 0 eng d
020 _a971-08-6474-2
040 _aDWC-Main lib.
_cOC
082 _aFil. 537.21 B939 2004
100 _aBulos, Evangeline B.
245 _aWorktext in electromagnetism/
_cEvangeline B. Bulos
260 _aMandaluyong City, Philippines :
_bNational Book Store,
_cc2004.
300 _a133 p. ;
_c25 cm.
504 _aIncludes bibliographies.
650 _a1. Electromagnetism.
942 _2ddc
_cBK - FIL
_kFil.
_n0
999 _c7109
_d7109